| 000 | 00359nam a2200145Ia 4500 | ||
|---|---|---|---|
| 008 | 230917s9999||||xx |||||||||||||| ||und|| | ||
| 040 |
_e27615 _aMAIN |
||
| 041 | _aEnglish | ||
| 082 | _a370.1 P192E | ||
| 100 | _aPandey, Ram Shakal | ||
| 245 | 0 | _aEast-West thoughts on education | |
| 260 |
_aAllahabad _bHorizon _c1997 |
||
| 300 | _avii, 340 p. | ||
| 942 | _cBK | ||
| 999 |
_c98610 _d98610 |
||